Sports Quiz

Random Sports or NHL Quiz

NHL Stanley Cup Droughts Quiz Stats

 Plays Quiz Updated Jul 17, 2021

     
Support Sporcle.
Go Orange.
Score 0/12 Timer 03:00
4 Plays Today
Last Won Team % Correct
1966–67Toronto Maple Leafs
87.8%
1992–93Montreal Canadiens
82.4%
1982–83New York Islanders
79.6%
never (formed 70-71)Vancouver Canucks
77.3%
never (formed 79-80)Arizona Coyotes
75.5%
1989–90Edmonton Oilers
75.5%
1974–75Philadelphia Flyers
75.3%
1988–89Calgary Flames
75.1%
never (formed 93-94)Florida Panthers
75%
never (formed 91-92)San Jose Sharks
72.7%
never (formed 70-71)Buffalo Sabres
62.6%
never (formed 92-93)Ottawa Senators
49.4%

From the Vault

Legislative, Executive or Judicial?

by Hejman

History 4m
Let's check up on those checks and balances.
Remove Ads.
Support Sporcle.
Get the best of Sporcle when you Go Orange. This ad-free experience offers more features, more stats, and more fun while also helping to support Sporcle. Thank you for becoming a member.

Show Comments

Extras

Top Quizzes Today


Score Distribution

Your Account Isn't Verified!

In order to create a playlist on Sporcle, you need to verify the email address you used during registration. Go to your Sporcle Settings to finish the process.

Report this User

Report this user for behavior that violates our Community Guidelines.

Details: